Controlling and analyzing costs in foodservice operations / (Record no. 344320)
[ view plain ]
| 000 -LEADER | |
|---|---|
| fixed length control field | 00964 a2200217 4500 |
| 020 ## - INTERNATIONAL STANDARD BOOK NUMBER | |
| International Standard Book Number | 0023622318 |
| 020 ## - INTERNATIONAL STANDARD BOOK NUMBER | |
| International Standard Book Number | 9780023622311 |
| 082 04 - DEWEY DECIMAL CLASSIFICATION NUMBER | |
| Classification number | 647.950681 |
| 090 ## - LOCALLY ASSIGNED LC-TYPE CALL NUMBER (OCLC); LOCAL CALL NUMBER (RLIN) | |
| -- | 1809 |
| -- | 1809 |
| 100 1# - MAIN ENTRY--PERSONAL NAME | |
| Personal name | Keiser, James. |
| 245 10 - TITLE STATEMENT | |
| Title | Controlling and analyzing costs in foodservice operations / |
| Statement of responsibility, etc. | James Keiser. |
| 250 ## - EDITION STATEMENT | |
| Edition statement | 3nd ed. |
| 260 ## - PUBLICATION, DISTRIBUTION, ETC. | |
| Place of publication, distribution, etc. | [S.l.] : |
| Name of publisher, distributor, etc. | Macmillan Pub Co, |
| Date of publication, distribution, etc. | 1993. |
| 300 ## - PHYSICAL DESCRIPTION | |
| Extent | 524 p. ; |
| Dimensions | 24 cm. |
| 500 ## - GENERAL NOTE | |
| General note | Hardcover. |
| 520 ## - SUMMARY, ETC. | |
| Summary, etc. | Provides a strong basis for foodservice management based on the concept of costs. Covers personnel, accounting, marketing, forecasting, financing, menu pricing, and property management as they affect costs. DLC: Food service - Cost control Management. |
| 700 1# - ADDED ENTRY--PERSONAL NAME | |
| Personal name | Demicco, Frederick J. |
| 856 40 - ELECTRONIC LOCATION AND ACCESS | |
| Materials specified | Amazon.com |
| Uniform Resource Identifier | <a href="http://www.amazon.com/exec/obidos/ASIN/0023622318/chopaconline-20">http://www.amazon.com/exec/obidos/ASIN/0023622318/chopaconline-20</a> |
| 856 40 - ELECTRONIC LOCATION AND ACCESS | |
| Materials specified | Amazon customer reviews |
| Uniform Resource Identifier | <a href="http://www.chopac.org/cgi-bin/tools/azrev.pl?q=0023622318">http://www.chopac.org/cgi-bin/tools/azrev.pl?q=0023622318</a> |
| 942 ## - ADDED ENTRY ELEMENTS (KOHA) | |
| Institution code [OBSOLETE] | NBS |
| Koha item type | Book |
| Call number prefix | 647.950681 KEI |
| Withdrawn status | Lost status | Damaged status | Not for loan | Permanent Location | Current Location | Date acquired | Total Checkouts | Full call number | Barcode | Date last seen | Date last checked out | Price effective from | Koha item type |
|---|---|---|---|---|---|---|---|---|---|---|---|---|---|
| Central Library (CL) | Central Library (CL) | 08/28/2013 | 1 | 647.950681 KEI | NBS3065 | 09/23/2019 | 07/08/2019 | 08/28/2013 | Book |
